|
|
|
|
| LEADER |
00000nam0a2200000 4500 |
| 001 |
681507 |
| 005 |
20251030151014.0 |
| 090 |
|
|
|a 681507
|
| 100 |
|
|
|a 20250902d2025 km|y0rusy50 ca
|
| 101 |
0 |
|
|a rus
|
| 102 |
|
|
|a RU
|
| 105 |
|
|
|a y z 000yy
|
| 181 |
|
0 |
|a i
|b e
|
| 182 |
|
0 |
|a n
|
| 183 |
|
0 |
|a nc
|2 RDAcarrier
|
| 200 |
1 |
|
|a Коллективный договор Томского политехнического университета на 2025-2027 годы
|e коллективный договор (соглашение) зарегистрирован № 816 от 04 марта 2025 года
|f Национальный исследовательский Томский политехнический университет, Департамент труда и занятости Населения Томской области
|
| 203 |
|
|
|a Текст
|b визуальный
|c непосредственный
|
| 210 |
|
|
|a Томск
|c Изд-во ТПУ
|d 2025
|
| 215 |
|
|
|a 158 с.
|
| 283 |
|
|
|a volume
|2 RDAcarrier
|
| 606 |
|
|
|a Томский политехнический университет
|9 83260
|
| 606 |
|
|
|a Трудовое право
|y Россия
|9 79144
|
| 610 |
1 |
|
|a высшее образование
|
| 610 |
1 |
|
|a Сибирь
|
| 610 |
1 |
|
|a Томск
|
| 610 |
1 |
|
|a коллективный договор
|
| 610 |
1 |
|
|a трудовые обязанности
|
| 610 |
1 |
|
|a администрация
|
| 610 |
1 |
|
|a сотрудники
|
| 610 |
1 |
|
|a трудовые договоры
|
| 610 |
1 |
|
|a коллективные переговоры
|
| 610 |
1 |
|
|a профсоюзные организации
|
| 610 |
1 |
|
|a трудовые споры
|
| 610 |
1 |
|
|a трудовая деятельность
|
| 610 |
1 |
|
|a трудовые отношения
|
| 610 |
1 |
|
|a Коллекция История ТПУ
|
| 686 |
|
|
|2 rubbk
|a Ч484(2)72ТПУ
|
| 686 |
|
|
|2 rubbk
|a Х627
|
| 712 |
0 |
2 |
|a Национальный исследовательский Томский политехнический университет
|c (2009- )
|4 570
|9 26305
|
| 712 |
0 |
1 |
|a Томская область
|b Департамент труда и занятости населения
|4 570
|9 28392
|
| 801 |
|
0 |
|a RU
|b 63413507
|c 20250904
|
| 942 |
|
|
|c BK
|